Unemployment in Kenya : a situational analysis /

Đã lưu trong:
Chi tiết về thư mục
Tác giả chính: Wambugu, Anthony
Tác giả của công ty: National Economic and Social Council
Tác giả khác: Munga, Boaz & Onsomu, Eldah
Định dạng: Sách
Ngôn ngữ:Tiếng Anh
Được phát hành: Nairobi : National Economic and Social Council, 2010.
Những chủ đề:
Các nhãn: Thêm thẻ
Không có thẻ, Là người đầu tiên thẻ bản ghi này!

MARC

LEADER 00000nam a2200000 4500
001 0000200100
005 20171002024104.0
008 170914s xx 000 0 eng d
020 |a 9789966744649 
040 |a Daystar  |d JKimani 
050 |a HD5840.5  |b .W36 
100 |a Wambugu, Anthony. 
245 |a Unemployment in Kenya :  |b a situational analysis /  |c Anthony Wambugu et al. 
260 |a Nairobi :  |b National Economic and Social Council,  |c 2010. 
300 |a xii,59 p ;  |c  cm. 
650 |a Unemployment--Kenya. 
700 |a Munga, Boaz & Onsomu, Eldah. 
710 |a National Economic and Social Council. 
908 |a 170914 
942 |c SPC 
952 |0 0  |1 0  |4 0  |6 HD_5840_500000000000000_W36_2010  |7 0  |9 82507  |a DUA  |b DUA  |c AFR  |d 2017-09-28  |g 0.00  |l 0  |o SPC HD5840.5.W36 2010  |p BK85358  |r 2017-09-28 00:00:00  |w 2017-09-28  |x 85358  |y SPC 
999 |c 41949  |d 41949